000 06725namaa22004211i 4500
003 OSt
005 20260426094441.0
008 250827s2025 ua a|||frm||| 000 0 eng d
040 _aEG-GICUC
_bara
_cEG-GICUC
_dEG-GICUC
_erda
041 0 _aara
_bara
_beng
049 _aإيداع
082 0 4 _a371.3
092 _a371.3
_221
097 _aدكتوراه‎
099 _aCai01.23.01.Ph.D.2025.مح.ب
100 0 _a،محمد إبراهيم جعدان الحسني
_eإعداد.
245 1 0 _aبرنامج تدريبي مقترح قائم على أبعاد التنمية المستدامة لتنمية الأداء التدريسي والوعي البيئي لدى معلمي الكيمياء بالمرحلة الثانوية في المملكة العربية السعودية /
_cإعداد محمد إبراهيم جعدان الحسني؛ إشراف أ.د. أماني محمد سعد الدين الموجي، أ.د. أميمة محمد عفيفي أحمد.
246 1 5 _aA proposed training program based on the dimensions of sustainable development to enhance teaching performance and environmental awareness among secondary school chemistry teachers in saudi arabia /
264 0 _c2025.
300 _a505 صفحة :
_bإيضاحيات ؛
_c25 سم. +
_eCD.
336 _atext
_2rda content
337 _aUnmediated
_2rdamedia
338 _avolume
_2rdacarrier
502 _aأطروحة (دكتوراه)-جامعة القاهرة، 2025.
504 _aببليوجرافيا: صفحات 225-277.
520 _aهدف هذا البحث إلى دراسة فاعلية برنامج تدريبي مقترح قائم على أبعاد التنمية المستدامة لتنمية الأداء التدريسي والوعي البيئي لدى معلمي الكيمياء بالمرحلة الثانوية في المملكة العربية السعودية. واتبع البحث المنهج التجريبي ذا التصميم شبه التجريبي ذا المجموعة الواحدة مع التطبيق (القبلي- البعدي) لأدوات البحث، حيث بلغت مجموعة البحث (30) معلمًا من معلمي الكيمياء بالمرحلة الثانوية بإدارة التعليم بمحافظة القنفذة بمنطقة مكة المكرمة، وقام الباحث ببناء البرنامج التدريبي القائم على أبعاد التنمية المستدامة، وتم إعداد بطاقة ملاحظة الأداء التدريسي، واختبار الإنجاز المعرفي لمعارف البرنامج، واختبار المواقف السلوكية، ومقياس الاتجاه نحو البيئة، حيث تم تطبيقهم قبليًا وبعديًا، وقد أظهرت نتائج البحث بأن هناك فاعلية للبرنامج التدريبي في تنمية الأداء التدريسي لمعلمي الكيمياء بالمرحلة الثانوية ‏بمعدل كسب لبليك (1.23)، وكذلك هناك فاعلية للبرنامج التدريبي في تنمية الإنجاز المعرفي لمعلمي الكيمياء بالمرحلة الثانوية ‏بمعدل كسب لبليك (1.26)، وفي تنمية السلوك البيئي بمعدل كسب لبليك (1.24)‏، وفي تنمية الاتجاه نحو البيئة بمعدل كسب لبليك (1.21) مما يشير إلى فاعلية البرنامج في تنمية الأداء التدريسي والوعي البيئي لدى معلمي الكيمياء بالمملكة العربية السعودية، ويوصى البحث بضرورة استمرار تدريب معلمي الكيمياء بالمرحلة الثانوية على أبعاد التنمية المستدامة لتنمية الأداء التدريسي والوعي البيئي لديهم.
520 _aThis research aimed to study the effectiveness of a proposed training program based on the dimensions of sustainable development in enhancing the instructional performance and environmental awareness of secondary school chemistry teachers in the Kingdom of Saudi Arabia. The study employed the quasi-experimental method using a one-group (pre-post) design. The research sample consisted of thirty (30) chemistry teachers at the secondary level from the Education Directorate in Al-Qunfudhah, Makkah Region.The researcher developed the training program based on the dimensions of sustainable development. The research tools included an instructional performance observation checklist, a cognitive achievement test related to the program’s content, a behavioral attitudes test, and a scale for measuring attitudes toward the environment. These tools were administered both before and after the implementation of the program.The findings revealed the effectiveness of the proposed training program in developing the instructional performance of secondary school chemistry teachers, with a Hake’s Gain Score of 1.23. The program also demonstrated effectiveness in improving cognitive achievement (Hake’s Gain Score= 1.26), enhancing environmental behavior (Hake’s Gain Score = 1.24), and fostering positive attitudes toward the environment (Hake’s Gain Score= 1.21). These results indicate the program’s overall effectiveness in enhancing both instructional performance and environmental awareness among chemistry teachers in the Kingdom of Saudi Arabia.The study recommends the continued training of secondary school chemistry teachers on the dimensions of sustainable development to further improve their instructional
530 _aصدر أيضًا كقرص مدمج.
546 _aالنص بالعربية والملخص باللغة الإنجليزية والعربية.
650 7 _aطرق التدريس
_2qrmak
653 0 _aبرنامج تدريبي لمعلمي الكيمياء قائم على أبعاد التنمية المستدامة
_aالأداء التدريسي
_aالوعي البيئي
700 0 _aأماني محمد سعد الدين الموجي
_eمشرف أطروحة.
700 0 _aأميمة محمد عفيفي أحمد
_eمشرف أطروحة.
900 _b18-05-2025
_cأماني محمد سعد الدين الموجي
_cأميمة محمد عفيفي أحمد
_dمني عبد الهادي سعودي
_dخالد محمد حسن الرشيدي
_Uجامعة القاهرة
_Fكلية الدراسات العليا للتربية
_Dقسم المناهج وطرق التدريس
905 _aSara
942 _2ddc
_cTH
_e21
_n0
999 _c179711